000 00928nam a2200301Ia 4500
001 48808
003 IT-RoPAU
008 130308s9999 xx 000 0 und d
040 _aIT-RoPAU
040 _cIT-RoPAU
041 _aFRANCESE
100 _aKalinowski Georges
100 _gCodice Aut. SPICS: 5158
245 _aConcepts et distinctions pour une semiotique realiste
245 _bExigences et Perspectives de la Semiotique-2 Volumi
250 _a1a ed.
260 _aAMSTERDAM
260 _bJohn Benjamins Publishing
260 _c1985 [1° Ed.:1985 - Ed.Ling.Originale:1985]
300 _a"15 p. (prefazione: no ; testo: 15 [pagine: 25-39])"
500 _aConcetti e Distinzioni per una Semiotica realista significazione e Designazione Verità Semiotica e Filosofia
650 _aSEMIOLOGIA
650 _eCodice materia Spics: 3251
942 _cBK
957 _71
999 _c40599
_d40599
999 _bSI
999 _g1